000 00618nam a2200253Ia 4500
003 OSt
005 20221005120922.0
006 a|||||r|||| 00| 0
007 ta
008 221004b |||||||| |||| 00| 0 mal d
020 _c2.00
024 _a59322
037 _cTextual
040 _aCRL
_cCRL
_bmal
041 _2mal
_amal
082 _aV73,1wM82, 32K4
100 _aV.S.Maniam Au.
_9629808
245 0 _aFranklin D. Roosevelt
260 _c1964
300 _a184p.
_ccm.
650 _aHISTORY
942 _hV73,1wM82, 32K4
_cTEXL
_2cc
999 _c1039534
_d1039534